000 01189nam a22002535i 4500
001 153224
003 ES-MaACL
005 20250830222953.0
008 950206s1899 sp |||| | spa d
040 _aCAM
_bspa
_cCCPB | PA2
080 _a34.096 Montojo, Patricio
080 _a94(460)"1898"
080 _a94(73)"1898"
100 1 _aConcas y Palau, Víctor.
_940067
245 1 0 _aCausa instruida por la destrucción de la escuadra de Filipinas y entrega del Arsenal de Cavite
_b: escrito y rectificación oral ante el Consejo... en defensa del Contraalmirante de la Armada y Comandante General del Apostadero y Escuadra de Filipinas...D. Patricio Montojo y Pasarón /
_cpor D. Victor M. Concas y Palau.
260 _aMadrid :
_b[s.n.],
_c1899 (
_fSucesores de Rivadeneyra)
300 _a112 p. ;
_c22 cm.
530 _aDisponible también en sitio web.
594 _aEn antep. "Defensa del General Montojo"
600 1 7 _aMontojo, Patricio,
_d1839-1917-
_xProcesos
_2
_9150781
650 0 4 _aGuerra hispano-americana, 1898
_913207
852 _aES-MaACL
_jT-925-F-1
_z-- Enc. hol., conservando la enc. original
_z-- Enc. en un vol. facticio
999 _c153224
_d153224